Gestión de red
保存先:
| 第一著者: | |
|---|---|
| フォーマット: | 図書 |
| 言語: | スペイン語 |
| 出版事項: |
Barcelona
Universitat Politècnica de Catalunya
1999
|
| 版: | 1a. ed |
| 主題: | |
| タグ: |
タグ追加
タグなし, このレコードへの初めてのタグを付けませんか!
|
MARC
| LEADER | 00000nam a2200000 a 4500 | ||
|---|---|---|---|
| 001 | UCK7677 | ||
| 003 | CL-VaPUC | ||
| 008 | 051202e19990000SP |||||||||||||||||spa|d | ||
| 020 | |a 848301212X | ||
| 082 | 0 | 4 | |a 004.65 |b BAR |2 21 |
| 100 | 0 | |a Barba Martí, Antoni |e author |9 497212 | |
| 245 | 1 | 0 | |a Gestión de red |
| 250 | |a 1a. ed | ||
| 300 | |a 232 p | ||
| 942 | |c BK | ||
| 945 | |d 20051202 00:00:00 |a cmena | ||
| 260 | |a Barcelona |b Universitat Politècnica de Catalunya |c 1999 | ||
| 650 | 0 | |a Redes informáticas |9 334846 | |
| 650 | 7 | |a INTEGRACION DE REDES |2 CL-VaPUC |9 462972 | |
| 650 | 0 | |a Protocolos de redes |9 464559 | |
| 650 | 7 | |a GESTION DE REDES |2 CL-VaPUC |9 462971 | |
| 650 | 0 | |a Arquitectura de redes |9 472170 | |
| 583 | |a last modification |c 20051202 00:00:00 |k Rodrigo Vera | ||
| 999 | |c 315529 |d 315527 | ||
| 952 | |0 0 |1 0 |4 0 |6 004_650000000000000_BAR_1999 |7 0 |8 A |9 388841 |a BIBING |b BIBING |d 2019-11-22 |i 4181549 |o 004.65 BAR 1999 |p 4181549 |r 2024-01-25 |w 2019-11-22 |y BK |k EIE | ||